Postacie Marvel - Nagła śmierć - Statystyki

Ogólne statystyki
  • Ten quiz został rozwiązany 212 razy
  • Średni wynik to 12 z 19
Answers on the Grid
Answers color-coded by a green-red scale on the quiz's grid according to % correct below.
Ant-Man
Beast Boy
Czarna Pantera
Czarna Wdowa
Blade
Kapitan Ameryka
Kapitan Marvel
Cyrax
Daredevil
Mroczny Rycerz
Deadpool
Doktor Strange
Kaczor Donald
Gambit
Ghost Rider
Hawkman
Hulk
Ludzka Pochodnia
Stalowy gigant
Iron Man
Magnezone
Mega Man
Pan Iniemamocny
Quickster
Scarlet Wizard
Spider-Man
Starboy
Storm
Thor
War Machine
Wolverine
Zubat
 
Statystyki odpowiedzi
Odpowiedź % Poprawnych
Ant-Man
93%
Czarna Wdowa
79%
Kapitan Ameryka
79%
Kapitan Marvel
79%
Czarna Pantera
78%
Daredevil
75%
Doktor Strange
73%
Deadpool
72%
Hulk
69%
Iron Man
65%
Blade
59%
Thor
59%
Spider-Man
53%
Ghost Rider
52%
Gambit
47%
Ludzka Pochodnia
46%
Wolverine
46%
Storm
40%
War Machine
39%
Nie znaleziono quizów pasujących do podanych kryteriów
Rozkład punktacji
Procent ludzi z każdym wynikiem
Percentyl według liczby udzielonych odpowiedzi
Twoja historia wyników
Nie rozwiązałeś tego quizu